Statystyki dla Państwa przez które przepływa Nil

Kliknij tutaj aby rozwiązać quiz!

Ogólne statystyki

  • Ten quiz został rozwiązany 141 razy
    (117 od ostatniego zresetowania)
  • Średni wynik to 6 z 8

Statystyki odpowiedzi

Odpowiedż% Poprawnych
Egipt
100%
Sudan
90%
Sudan Południowy
85%
Etiopia
74%
Uganda
60%
Tanzania
51%
Rwanda
49%
Burundi
41%

Rozkład punktacji

Percentyl według liczby udzielonych odpowiedzi

Procent ludzi z każdym wynikiem

Twoja historia wyników

Nie rozwiązałeś tego quizu od ostatniego zresetowania